000
00481nam a2200169Ia 4500
008
090711s9999 xx 000 0 und d
082
_b
62948
100
_a
खरे सुरेश
245
_a
मला उत्तर हवय ?
260
_c
1970
300
_a
76
600
_a
खरे सुरेश
630
_a
मला उत्तर हवय ?
700
_a
खरे सुरेश
730
_a
मला उत्तर हवय ?
942
_c
BOOK
999
_c
307922
_d
307922